000 00677nam a2200181Ia 4500
008 151018s9999 xx 000 0 und d
082 _bRBASDV4196
_a891.464
100 _aवासुदेव गोविंद आपटे
245 _aरवीचे उज्वल किरण
250 _b4
260 _bएन के पब्लिशिंग हाऊस
_c1950
300 _a104
600 _aवासुदेव गोविंद आपटे
630 _aरवीचे उज्वल किरण
700 _aवासुदेव गोविंद आपटे
730 _aरवीचे उज्वल किरण
942 _cBOOK
999 _c1006597
_d1006594